MARC

LEADER 00000nam0a2200000 4500
001 3078
005 20231101204306.0
010 |a 5858801307 
035 |a (RuTPU)RU\TPU\book\3093 
035 |a BOOK00003101 
090 |a 3078 
100 |a 20011209d1996 m y0rusy50 ca 
101 0 |a rus 
102 |a RU 
105 |a y z 000ay 
200 1 |a Два Аполлона  |e Лирика. Избранное  |f А. Н. Майков, А. А. Григорьев 
210 |a Ростов-на-Дону  |c Феникс  |d 1996 
215 |a 512 с. 
225 1 |a Всемирная библиотека поэзии 
610 1 |a поэзия 
610 1 |a лирика 
675 |a Р1  |v 3 
700 1 |a Майков  |b А. Н.  |c русский поэт  |f 1821-1897  |g Аполлон Николаевич  |2 stltpush  |3 (RuTPU)RU\TPU\pers\13190  |9 3874 
701 1 |a Григорьев  |b А. А.  |c русский поэт  |c литературный и театральный критик  |f 1822-1864  |g Апполон Александрович  |2 stltpush  |3 (RuTPU)RU\TPU\pers\11378  |9 2593 
801 0 |a RU  |b 63413507  |c 20011209  |g PSBO 
801 2 |a RU  |b 63413507  |c 20070116  |g PSBO 
942 |c BK